LEADER 00780cam2 22002291 450 001 SOBE00054725 005 20170217143614.0 100 $a20170217f0000 |||||ita|0103 ba 101 $aita 102 $aIT 200 1 $a<<5: L'>>arte moderna$edai neoclassici ai contemporanei$fEmilio Lavagnino 210 $aTorino$cUnione tipografico-editrice torinese 461 1$1001E600200032942$12001 $aStoria dell'arte classica e italiana$v5 463 1$1001SOBE00054726$12000 $a1 / Emilio Lavagnino 463 1$1001SOBE00054727$12000 $a2 / Emilio Lavagnino 700 1$aLavagnino$b, Emilio$3AF00007363$4070$02384 801 0$aIT$bUNISOB$c20170217$gRICA 912 $aSOBE00054725 940 $aM 102 Monografia moderna SBN 941 $aM 996 $aArte moderna$9607961 997 $aUNISOB